¿Cómo forman al profesorado en Educación Secundaria en Alemania? (Record no. 192360)

MARC details
000 -CABECERA
campo de control de longitud fija 02340nab a2200301 a 4500
005 - FECHA Y HORA DE LA ÚLTIMA TRANSACCIÓN
campo de control 20250303093619.0
008 - ELEMENTOS DE LONGITUD FIJA--INFORMACIÓN GENERAL
campo de control de longitud fija 991125c2017 cr tr p o 000 0 spa d
035 ## - NÚMERO DE CONTROL DEL SISTEMA
Número de control de sistema UPN01000220261
040 ## - FUENTE DE LA CATALOGACIÓN
Centro catalogador/agencia de origen UPN
Lengua de catalogación spa
Centro/agencia transcriptor UPN
Normas de descripción aacr2
049 ## - COLECCIÓN
Colección ART-E
100 1# - ASIENTO PRINCIPAL--NOMBRE PERSONAL
Nombre de persona Chaves Salas, Ana Lupita
Enlace - lupitachaves@gmail.com
100 1# - ASIENTO PRINCIPAL--NOMBRE PERSONAL
Nombre de persona Kunze, Ingrid
100 1# - ASIENTO PRINCIPAL--NOMBRE PERSONAL
Nombre de persona Müller Using, Susanne
100 1# - ASIENTO PRINCIPAL--NOMBRE PERSONAL
Nombre de persona Nakamura, Yoshiro
245 10 - MENCIÓN DE TÍTULO
Título ¿Cómo forman al profesorado en Educación Secundaria en Alemania?
Medio [recurso electrónico en línea]
506 0# - NOTA DE RESTRICCIONES AL ACCESO
Limitaciones de acceso Acceso abierto
520 3# - NOTA DE RESUMEN, ETC.
Sumario, etc. Esta investigación bibliográfica da conocer el modelo de formación de docentes en Educación Secundaria de Alemania, específicamente de la Universidad de Osnabrück, del estado de Baja Sajonia. La información se obtuvo como producto de la investigación: Modelos de Formación Docente en Educación Secundaria: análisis y propuesta, inscrita en el Instituto de Investigación en Educación (INIE) de la Facultad de Educación de la Universidad de Costa Rica, mediante la cual se analizaron los planes de estudio para la preparación del profesorado de diferentes países, entre ellos el que se presenta en este artículo. Se describen, además, los niveles y modalidades del sistema educativo alemán, el cual incluye la educación profesional dual. Se destaca la importancia de la definición de estándares para la formación de docentes realizada en ese país a nivel federal, lo cual contribuye a establecer un perfil profesional básico del docente, que debe ser atendido por las universidades que forman estos profesionales, así como la relevancia del modelo de formación concurrente, entre otros temas. Para finalizar, se resaltan algunos aspectos de la formación docente en Alemania que podrían servir como referencia para mejorar la preparación del profesorado en nuestro país.
650 #7 - ASIENTO SECUNDARIO DE MATERIA - TERMINO TEMATICO
Término de materia o nombre geográfico como elemento de entrada Educación secundaria
9 (RLIN) 4281
650 #2 - ASIENTO SECUNDARIO DE MATERIA - TERMINO TEMATICO
9 (RLIN) 8050
Término de materia o nombre geográfico como elemento de entrada Sistema educativo
650 #4 - ASIENTO SECUNDARIO DE MATERIA - TERMINO TEMATICO
9 (RLIN) 32
Término de materia o nombre geográfico como elemento de entrada Educación superior
653 0# - TERMINO DE INDIZACION - NO CONTROLADO
Término no controlado Formación docente
773 ## - ENLACE AL DOCUMENTO FUENTE/ENTRADA DE REGISTRO ANFITRIÓN
Parte(s) relacionada(s) Vol. 17, no. 3 (2017), p. 1-28
Título Actualidades investigativas en educación
Número Internacional Normalizado para Publicaciones Seriadas 1409-4703
856 4# - LOCALIZACIÓN Y ACCESO ELECTRÓNICOS
Identificador Uniforme del Recurso <a href="https://revistas.ucr.ac.cr/index.php/aie/article/view/30106">https://revistas.ucr.ac.cr/index.php/aie/article/view/30106</a>
856 4# - LOCALIZACIÓN Y ACCESO ELECTRÓNICOS
Identificador Uniforme del Recurso <a href="https://doi.org/10.15517/aie.v17i3.30106">https://doi.org/10.15517/aie.v17i3.30106</a>
902 ## - ELEMENTOS DE DATOS B LOCAL, LDB (RLIN)
Creó Gloria Jiménez/0624
905 ## - TIPO DE MATERIAL
Tipo de material Articulo
942 ## - ELEMENTOS DE PUNTO DE ACCESO ADICIONAL (KOHA)
Tipo de ítem Koha Artículo Electrónico
Holdings
Estado de retiro Estado de pérdida Estado dañado No para préstamo Código de colección Localización permanente Ubicación/localización actual Ubicación en estantería Fecha de adquisición Total de préstamos Fecha visto por última vez Identificador Uniforme del Recurso Precio válido a partir de Tipo de ítem Koha
        Acceso abierto Bib. Gregorio Torres Quintero Bib. Gregorio Torres Quintero En línea 07/06/2024   07/06/2024 https://doi.org/10.15517/aie.v17i3.30106 07/06/2024 Artículo Electrónico